[Event "Ïåðâåíñòâî Ìîñêâû ïî øàõìàòàì 2015 ñðåäè ìàëü÷èêîâ (Ì19)"]
[Site "Moscow"]
[Date "2015.11.12"]
[Round "1.9"]
[White "Ãðèãîðüÿíö, Îëåã"]
[Black "Ìèõàéëîâñêèé, Âëàäèìèð"]
[Result "0-1"]
[WhiteElo "1741"]
[BlackElo "2126"]
[PlyCount "0"]
[EventDate "2015.11.12"]

1. e4 e5 2. Nf3 Nc6 3. Bb5 Nf6 4. O-O Nxe4 5. Bxc6 dxc6 6. Qe2 Nf6 7. Qxe5+ Be7
8. Re1 Qd6 9. d4 Qxe5 10. Rxe5 h6 11. b3 Be6 12. c4 O-O-O 13. Bb2 Rhe8 14. Nbd2
Bd6 15. Re2 Bf5 16. Rae1 Rxe2 17. Rxe2 Re8 18. Rxe8+ Nxe8 19. c5 Be7 20. Ne5 Be6
21. f3 Nf6 22. Kf2 Nd5 23. a3 Bg5 24. Ndc4 f6 25. Nd3 Bf5 26. Ne1 h5 27. g3 b5
28. cxb6 axb6 29. f4 Bh6 30. Ne3 Bb1 31. Nxd5 cxd5 32. Nf3 Kd7 33. Bc3 Bc2 34. b4
Kc6 35. Ke2 Kb5 36. Nd2 g6 37. h4 Bf8 38. Bb2 Bd6 39. Kf3 f5 40. Ke2 Be4 41. Nb3
Kc4 42. Nd2+ Kb5 43. Nb3 Be7 44. Ke3 Bf6 45. Nd2 Bg7 46. Ke2 Bh1 47. Kd3 c5 48.
bxc5 bxc5 49. Bc3 Be4+ 50. Ke3 Ka4 51. Bb2 c4 52. Ke2 Bf8 53. Nxe4 fxe4 54. Bc1
Kb3 55. g4 hxg4 56. Kf2 c3 57. f5 gxf5 58. h5 Bg7 59. Kg3 Bxd4 60. h6 Be5+ 61.
Kh4 d4 62. Kg5 d3 0-1

[Event "Ïåðâåíñòâî Ìîñêâû ïî øàõìàòàì 2015 ñðåäè ìàëü÷èêîâ (Ì19)"]
[Site "Moscow"]
[Date "2015.11.12"]
[Round "1.10"]
[White "Êðàñèêîâ, Âëàäèñëàâ"]
[Black "Õðèïà÷, Ãåîðãèé"]
[Result "1-0"]
[WhiteElo "2113"]
[BlackElo "1715"]
[PlyCount "0"]
[EventDate "2015.11.12"]


1. d4 {[%clk 1:19:00]} e6 {[%clk 1:30:42]} 2. c4 {[%clk 1:19:24]} b6
{[%clk 1:31:03]} 3. Nc3 {[%clk 1:19:39]} Bb7 {[%clk 1:31:24]} 4. a3
{[%clk 1:16:54]} f5 {[%clk 1:30:22]} 5. Nf3 {[%clk 1:16:39]} Nf6 {[%clk 1:29:07]}
6. g3 {[%clk 1:16:55]} Be7 {[%clk 1:23:18]} 7. Bg2 {[%clk 1:17:19]} O-O
{[%clk 1:21:35]} 8. O-O {[%clk 1:17:45]} h6 {[%clk 1:09:51]} 9. d5
{[%clk 1:11:04]} Bd6 {[%clk 1:01:22]} 10. Nd4 {[%clk 0:54:57]} Be5
{[%clk 0:47:51]} 11. Re1 {[%clk 0:45:19]} Bxd4 {[%clk 0:35:22]} 12. Qxd4
{[%clk 0:45:27]} c5 {[%clk 0:28:03]} 13. Qd3 {[%clk 0:40:31]} Na6
{[%clk 0:17:23]} 14. e4 {[%clk 0:35:27]} fxe4 {[%clk 0:15:39]} 15. Nxe4
{[%clk 0:35:52]} exd5 {[%clk 0:15:06]} 16. Nd6 {[%clk 0:34:23]} dxc4
{[%clk 0:09:19]} 17. Qxc4+ {[%clk 0:34:33]} Bd5 {[%clk 0:07:14]} 18. Bxd5+
{[%clk 0:34:47]} Nxd5 {[%clk 0:07:34]} 19. Qxd5+ {[%clk 0:35:12]} Kh8
{[%clk 0:07:53]} 20. Nf7+ {[%clk 0:35:26]} Rxf7 {[%clk 0:07:26]} 21. Qxf7
{[%clk 0:35:51]} 1-0

[Event "Ïåðâåíñòâî Ìîñêâû ïî øàõìàòàì 2015 ñðåäè ìàëü÷èêîâ (Ì19)"]
[Site "Moscow"]
[Date "2015.11.13"]
[Round "2.1"]
[White "Åëåöêèé, Èâàí"]
[Black "Ïàÿíèäè, ßíèñ"]
[Result "1/2-1/2"]
[WhiteElo "2365"]
[BlackElo "2178"]
[PlyCount "0"]
[EventDate "2015.11.12"]

1. c4 {[%clk 1:30:35]} Nf6 {[%clk 1:30:24]} 2. Nc3 {[%clk 1:30:51]} d6
{[%clk 1:22:52]} 3. d4 {[%clk 1:30:40]} g6 {[%clk 1:23:15]} 4. e4
{[%clk 1:30:45]} Bg7 {[%clk 1:23:35]} 5. f3 {[%clk 1:27:52]} O-O {[%clk 1:20:41]}
6. Be3 {[%clk 1:28:08]} e5 {[%clk 1:21:01]} 7. Nge2 {[%clk 1:28:24]} Nbd7
{[%clk 1:20:13]} 8. Qd2 {[%clk 1:27:31]} Nb6 {[%clk 1:13:00]} 9. b3
{[%clk 1:17:45]} exd4 {[%clk 1:03:05]} 10. Nxd4 {[%clk 1:16:54]} c6
{[%clk 0:56:50]} 11. Be2 {[%clk 1:17:08]} d5 {[%clk 0:56:58]} 12. cxd5
{[%clk 1:11:51]} cxd5 {[%clk 0:56:37]} 13. e5 {[%clk 1:10:46]} Ne8
{[%clk 0:52:00]} 14. f4 {[%clk 1:05:15]} f6 {[%clk 0:48:18]} 15. e6
{[%clk 0:55:35]} f5 {[%clk 0:45:33]} 16. a4 {[%clk 0:55:33]} a5 {[%clk 0:36:13]}
17. Ncb5 {[%clk 0:47:37]} Qf6 {[%clk 0:32:11]} 18. O-O {[%clk 0:45:18]} Bxe6
{[%clk 0:28:56]} 19. Nf3 {[%clk 0:42:16]} Qd8 {[%clk 0:19:52]} 20. Rac1
{[%clk 0:39:59]} Bd7 {[%clk 0:12:46]} 21. Kh1 {[%clk 0:36:00]} Bxb5
{[%clk 0:08:03]} 22. Bxb5 {[%clk 0:35:34]} Nd6 {[%clk 0:08:25]} 23. Ng5
{[%clk 0:34:45]} Nxb5 {[%clk 0:04:02]} 24. Bxb6 {[%clk 0:33:21]} Qxb6
{[%clk 0:04:29]} 25. Qxd5+ {[%clk 0:33:44]} Kh8 {[%clk 0:04:56]} 26. axb5
{[%clk 0:33:35]} Bf6 {[%clk 0:03:55]} 27. Rfe1 {[%clk 0:29:37]} Bxg5
{[%clk 0:02:27]} 28. fxg5 {[%clk 0:30:00]} Rae8 {[%clk 0:02:39]} 29. Qd7
{[%clk 0:27:16]} Re3 {[%clk 0:01:23]} 30. Red1 {[%clk 0:25:47]} Rfe8
{[%clk 0:01:13]} 31. h3 {[%clk 0:23:27]} R8e7 {[%clk 0:01:28]} 32. Rc8+
{[%clk 0:21:14]} Kg7 {[%clk 0:01:52]} 33. Qd2 {[%clk 0:17:01]} Qe6
{[%clk 0:02:19]} 34. Rb8 {[%clk 0:15:52]} Qe5 {[%clk 0:01:30]} 35. Ra8
{[%clk 0:15:25]} Re1+ {[%clk 0:01:07]} 36. Rxe1 {[%clk 0:15:49]} Qxe1+
{[%clk 0:01:36]} 37. Qxe1 {[%clk 0:16:12]} Rxe1+ {[%clk 0:02:05]} 38. Kh2
{[%clk 0:16:35]} Rb1 {[%clk 0:02:22]} 39. Rb8 {[%clk 0:16:35]} Rxb3
{[%clk 0:02:48]} 40. Rxb7+ {[%clk 0:17:01]} Kg8 {[%clk 0:03:17]} 1/2-1/2

[Event "Ïåðâåíñòâî Ìîñêâû ïî øàõìàòàì 2015 ñðåäè ìàëü÷èêîâ (Ì19)"]
[Site "Moscow"]
[Date "2015.11.13"]
[Round "2.2"]
[White "Êîâàëåâ, Åãîð"]
[Black "Ñàâåíêîâ, Êîíñòàíòèí"]
[Result "1-0"]
[WhiteElo "2144"]
[BlackElo "2324"]
[PlyCount "0"]
[EventDate "2015.11.12"]


1. d4 {[%clk 1:30:13]} Nf6 {[%clk 1:30:53]} 2. Nf3 {[%clk 1:30:24]} g6
{[%clk 1:31:19]} 3. Bg5 {[%clk 1:30:27]} Bg7 {[%clk 1:31:18]} 4. Nbd2
{[%clk 1:30:19]} d6 {[%clk 1:30:51]} 5. e4 {[%clk 1:29:20]} O-O {[%clk 1:30:52]}
6. c3 {[%clk 1:25:14]} c5 {[%clk 1:31:19]} 7. dxc5 {[%clk 1:24:57]} dxc5
{[%clk 1:30:24]} 8. Be2 {[%clk 1:25:13]} Nc6 {[%clk 1:30:20]} 9. h3
{[%clk 1:24:29]} Qc7 {[%clk 1:30:10]} 10. O-O {[%clk 1:24:08]} Rd8
{[%clk 1:26:30]} 11. Qc2 {[%clk 1:24:11]} Nh5 {[%clk 1:23:42]} 12. Rfd1
{[%clk 1:00:46]} Nf4 {[%clk 1:09:41]} 13. Nf1 {[%clk 1:00:23]} Nxe2+
{[%clk 0:58:38]} 14. Qxe2 {[%clk 1:00:23]} Be6 {[%clk 0:58:38]} 15. Qb5
{[%clk 1:00:23]} b6 {[%clk 0:58:38]} 16. Qa4 {[%clk 1:00:23]} h6 {[%clk 0:58:38]}
17. Bh4 {[%clk 1:00:23]} Qb7 {[%clk 0:58:38]} 18. Ne3 {[%clk 1:00:23]} b5
{[%clk 0:58:38]} 19. Qc2 {[%clk 1:00:23]} Ne5 {[%clk 0:58:38]} 20. Ne1
{[%clk 1:00:23]} c4 {[%clk 0:58:38]} 21. Bg3 {[%clk 1:00:23]} Bd7
{[%clk 0:58:38]} 22. Rd5 {[%clk 1:00:23]} Qc7 {[%clk 0:58:38]} 23. f4
{[%clk 0:23:08]} Nc6 {[%clk 0:12:37]} 24. Rad1 {[%clk 0:22:43]} e6
{[%clk 0:11:00]} 25. Rd6 {[%clk 0:21:18]} Bf8 {[%clk 0:09:58]} 26. R6d2
{[%clk 0:21:45]} Bc5 {[%clk 0:07:08]} 27. Re2 {[%clk 0:22:14]} Ne7
{[%clk 0:05:02]} 28. Kh2 {[%clk 0:19:42]} f5 {[%clk 0:03:12]} 29. exf5
{[%clk 0:18:04]} gxf5 {[%clk 0:02:47]} 30. Nf1 {[%clk 0:16:25]} Ng6
{[%clk 0:02:00]} 31. Nf3 {[%clk 0:16:46]} Bd6 {[%clk 0:01:12]} 32. Ne5
{[%clk 0:16:21]} Bxe5 {[%clk 0:01:34]} 33. fxe5 {[%clk 0:16:49]} Bc6
{[%clk 0:01:35]} 34. Rd6 {[%clk 0:16:46]} Rxd6 {[%clk 0:01:05]} 35. exd6
{[%clk 0:17:14]} Qf7 {[%clk 0:01:25]} 36. Be5 {[%clk 0:15:33]} Rd8
{[%clk 0:00:52]} 37. Qd2 {[%clk 0:13:24]} Be4 {[%clk 0:00:32]} 38. Qxh6
{[%clk 0:13:23]} Bd3 {[%clk 0:00:32]} 39. Re3 {[%clk 0:12:58]} f4
{[%clk 0:00:40]} 40. Rf3 {[%clk 0:13:24]} Nxe5 {[%clk 0:00:31]} 41. Qg5+
{[%clk 0:13:00]} Kh7 {[%clk 0:00:57]} 42. Rxf4 {[%clk 0:12:57]} Qg6
{[%clk 0:00:38]} 43. Qxd8 {[%clk 0:10:00]} Qh6 {[%clk 0:00:43]} 44. Rh4 1-0

[Event "Ïåðâåíñòâî Ìîñêâû ïî øàõìàòàì 2015 ñðåäè ìàëü÷èêîâ (Ì19)"]
[Site "Moscow"]
[Date "2015.11.13"]
[Round "2.3"]
[White "Òàðàñîâ, Àëåêñàíäð"]
[Black "Êðàñèêîâ, Âëàäèñëàâ"]
[Result "1/2-1/2"]
[WhiteElo "2286"]
[BlackElo "2113"]
[PlyCount "0"]
[EventDate "2015.11.12"]


1. d4 {[%clk 1:30:38]} Nf6 {[%clk 1:09:27]} 2. c4 {[%clk 1:30:56]} g6
{[%clk 1:09:37]} 3. g3 {[%clk 1:31:17]} Bg7 {[%clk 1:09:41]} 4. Bg2
{[%clk 1:31:39]} O-O {[%clk 1:09:51]} 5. Nc3 {[%clk 1:32:03]} d6 {[%clk 1:10:02]}
6. Nf3 {[%clk 1:32:27]} Nbd7 {[%clk 1:10:27]} 7. O-O {[%clk 1:32:41]} e5
{[%clk 1:10:30]} 8. e4 {[%clk 1:32:55]} c6 {[%clk 1:10:40]} 9. Rb1
{[%clk 1:32:32]} a5 {[%clk 1:07:20]} 10. h3 {[%clk 1:32:39]} exd4
{[%clk 1:04:38]} 11. Nxd4 {[%clk 1:32:59]} Qc7 {[%clk 1:04:30]} 12. Bf4
{[%clk 1:20:41]} Re8 {[%clk 0:58:59]} 13. Re1 {[%clk 1:16:56]} Bf8
{[%clk 0:52:03]} 14. b3 {[%clk 1:11:58]} Nc5 {[%clk 0:49:22]} 15. Qd2
{[%clk 1:01:17]} Bd7 {[%clk 0:44:18]} 16. Rbd1 {[%clk 0:54:15]} Rad8
{[%clk 0:38:20]} 17. Bg5 {[%clk 0:46:59]} Be7 {[%clk 0:37:05]} 18. Ndb5
{[%clk 0:38:18]} Qb8 {[%clk 0:29:27]} 19. Nxd6 {[%clk 0:26:24]} Bg4
{[%clk 0:19:12]} 20. hxg4 {[%clk 0:11:28]} Rxd6 {[%clk 0:19:36]} 21. Qc2
{[%clk 0:06:35]} Rxd1 {[%clk 0:15:33]} 22. Rxd1 {[%clk 0:07:01]} Nxg4
{[%clk 0:14:35]} 23. Bxe7 {[%clk 0:03:15]} Rxe7 {[%clk 0:14:52]} 24. Qe2
{[%clk 0:02:59]} Nf6 {[%clk 0:12:18]} 25. Qe3 {[%clk 0:02:23]} Qe5
{[%clk 0:08:01]} 26. f4 {[%clk 0:02:14]} Qh5 {[%clk 0:07:13]} 27. Rd8+
{[%clk 0:01:09]} Kg7 {[%clk 0:06:29]} 28. e5 {[%clk 0:01:28]} Ng4
{[%clk 0:03:53]} 29. Qf3 {[%clk 0:00:37]} Ne6 {[%clk 0:02:50]} 30. Rd2
{[%clk 0:00:36]} Qh2+ {[%clk 0:01:11]} 31. Kf1 {[%clk 0:01:05]} h5
{[%clk 0:00:50]} 32. Ne4 {[%clk 0:01:19]} c5 {[%clk 0:00:40]} 33. f5
{[%clk 0:01:03]} gxf5 {[%clk 0:00:43]} 34. Nd6 {[%clk 0:01:32]} Nd4
{[%clk 0:00:35]} 35. Rxd4 {[%clk 0:01:01]} cxd4 {[%clk 0:01:05]} 36. Nxf5+
{[%clk 0:01:26]} Kf8 {[%clk 0:01:17]} 37. Nxe7 {[%clk 0:01:28]} Kxe7
{[%clk 0:01:29]} 38. Qxb7+ {[%clk 0:01:42]} Kf8 {[%clk 0:01:24]} 39. Qf3
{[%clk 0:01:39]} Nxe5 {[%clk 0:00:53]} 40. Qf4 {[%clk 0:01:28]} Ng6
{[%clk 0:00:34]} 41. Qd6+ {[%clk 0:01:28]} Kg8 {[%clk 0:00:56]} 42. Qd8+
{[%clk 0:01:06]} Kh7 {[%clk 0:01:17]} 43. Qxd4 {[%clk 0:00:50]} Qxg3
{[%clk 0:01:33]} 44. Qd5 {[%clk 0:00:46]} Qf4+ {[%clk 0:01:33]} 45. Qf3
{[%clk 0:00:40]} Qc1+ {[%clk 0:02:02]} 46. Kf2 {[%clk 0:01:03]} Qd2+
{[%clk 0:02:08]} 47. Kg1 {[%clk 0:01:29]} Kg7 {[%clk 0:01:27]} 48. Qf2
{[%clk 0:00:55]} Qd1+ {[%clk 0:01:12]} 49. Qf1 {[%clk 0:00:48]} Qd4+
{[%clk 0:01:00]} 50. Qf2 {[%clk 0:01:17]} Qd1+ {[%clk 0:01:14]} 51. Bf1
{[%clk 0:00:58]} Qg4+ {[%clk 0:01:16]} 52. Qg2 {[%clk 0:00:56]} Qd4+
{[%clk 0:01:07]} 53. Qf2 {[%clk 0:01:25]} Qg4+ {[%clk 0:01:12]} 54. Kh2
{[%clk 0:01:43]} Qe4 {[%clk 0:00:45]} 55. Bg2 {[%clk 0:01:46]} Qe5+
{[%clk 0:01:06]} 56. Qg3 {[%clk 0:01:54]} Kf6 {[%clk 0:01:04]} 57. Bf3
{[%clk 0:01:50]} h4 {[%clk 0:00:54]} 58. Qxe5+ {[%clk 0:02:17]} Kxe5
{[%clk 0:01:23]} 59. c5 {[%clk 0:02:20]} Nf4 {[%clk 0:01:35]} 60. a3
{[%clk 0:02:23]} Nd3 {[%clk 0:01:36]} 61. c6 {[%clk 0:02:40]} Kd6
{[%clk 0:01:52]} 62. Kh3 {[%clk 0:02:53]} Ne5 {[%clk 0:02:08]} 63. Bd1
{[%clk 0:01:39]} Kxc6 {[%clk 0:01:40]} 64. Kxh4 {[%clk 0:01:55]} 1/2-1/2

[Event "Ïåðâåíñòâî Ìîñêâû ïî øàõìàòàì 2015 ñðåäè ìàëü÷èêîâ (Ì19)"]
[Site "Moscow"]
[Date "2015.11.13"]
[Round "2.4"]
[White "Àëåêñàíäðîâñêèé, Äìèòðèé"]
[Black "Ãàðàíèí, Äàíèèë"]
[Result "1-0"]
[WhiteElo "2183"]
[BlackElo "1659"]
[PlyCount "0"]
[EventDate "2015.11.12"]

1. e4 g6 2. d4 Bg7 3. Nc3 d6 4. Be3 Nf6 5. f3 O-O 6. Qd2 Nfd7 7. h4 e5 8. h5 Nc6
9. d5 Ne7 10. hxg6 hxg6 11. Bh6 f5 12. Bxg7 Kxg7 13. Qh6+ Kf7 14. Nh3 Nf6 15. Bb5
c6 16. dxc6 bxc6 17. Bc4+ Ke8 18. O-O-O Qc7 19. Ng5 Bd7 20. Qg7 d5 21. Rh8 Rxh8
22. Qxh8+ Neg8 23. exd5 Kf8 24. d6 Qc8 1-0

[Event "Ïåðâåíñòâî Ìîñêâû ïî øàõìàòàì 2015 ñðåäè ìàëü÷èêîâ (Ì19)"]
[Site "Moscow"]
[Date "2015.11.13"]
[Round "2.5"]
[White "Ìèõàéëîâñêèé, Âëàäèìèð"]
[Black "Ñàëüìàí, Ïàâåë"]
[Result "1/2-1/2"]
[WhiteElo "2126"]
[BlackElo "2196"]
[PlyCount "0"]
[EventDate "2015.11.12"]

1. Nf3 {[%clk 1:30:56]} Nf6 {[%clk 1:30:27]} 2. g3 {[%clk 1:31:19]} c5
{[%clk 1:30:45]} 3. Bg2 {[%clk 1:31:40]} Nc6 {[%clk 1:31:07]} 4. O-O
{[%clk 1:31:26]} e5 {[%clk 1:31:23]} 5. c4 {[%clk 1:31:40]} d5 {[%clk 1:29:19]}
6. cxd5 {[%clk 1:31:26]} Nxd5 {[%clk 1:29:45]} 7. Nc3 {[%clk 1:30:56]} Nc7
{[%clk 1:29:44]} 8. a3 {[%clk 1:29:23]} Rb8 {[%clk 1:29:36]} 9. d3
{[%clk 1:24:22]} f6 {[%clk 1:26:37]} 10. Be3 {[%clk 1:18:52]} Be7
{[%clk 1:25:49]} 11. Rc1 {[%clk 1:17:49]} Bd7 {[%clk 1:20:07]} 12. Nd2
{[%clk 1:09:05]} Ne6 {[%clk 1:11:59]} 13. Nd5 {[%clk 1:04:41]} O-O
{[%clk 1:10:13]} 14. b4 {[%clk 0:37:55]} cxb4 {[%clk 1:02:58]} 15. axb4
{[%clk 0:38:08]} Ncd4 {[%clk 1:00:51]} 16. Bxd4 {[%clk 0:34:49]} Nxd4
{[%clk 0:59:23]} 17. e3 {[%clk 0:30:05]} Nb5 {[%clk 0:53:40]} 18. Nxe7+
{[%clk 0:28:42]} Qxe7 {[%clk 0:53:18]} 19. Qb3+ {[%clk 0:27:41]} Kh8
{[%clk 0:52:46]} 20. Ne4 {[%clk 0:22:06]} b6 {[%clk 0:43:07]} 21. Nc3
{[%clk 0:21:04]} Rfd8 {[%clk 0:40:18]} 22. Rfd1 {[%clk 0:19:53]} Qe8
{[%clk 0:31:56]} 23. d4 {[%clk 0:17:39]} Nxc3 {[%clk 0:23:32]} 24. Qxc3
{[%clk 0:18:03]} Ba4 {[%clk 0:23:26]} 25. Bc6 {[%clk 0:12:54]} Bxc6
{[%clk 0:22:39]} 26. Qxc6 {[%clk 0:13:22]} Qxc6 {[%clk 0:21:30]} 27. Rxc6
{[%clk 0:13:50]} Rd5 {[%clk 0:17:47]} 28. Rc7 {[%clk 0:13:31]} a5
{[%clk 0:16:51]} 29. bxa5 {[%clk 0:13:58]} bxa5 {[%clk 0:16:13]} 30. Ra7
{[%clk 0:12:12]} h6 {[%clk 0:10:15]} 31. Rc1 {[%clk 0:11:54]} exd4
{[%clk 0:10:05]} 32. exd4 {[%clk 0:12:22]} Rxd4 {[%clk 0:08:54]} 33. Rcc7
{[%clk 0:12:41]} Rg8 {[%clk 0:08:06]} 34. Rxa5 {[%clk 0:12:58]} Rdd8
{[%clk 0:08:05]} 35. Raa7 {[%clk 0:13:25]} Rc8 {[%clk 0:08:14]} 36. Rd7
{[%clk 0:13:37]} Rcd8 {[%clk 0:08:38]} 37. h4 {[%clk 0:13:59]} Rxd7
{[%clk 0:08:55]} 38. Rxd7 {[%clk 0:14:27]} Ra8 {[%clk 0:08:49]} 39. Kg2
{[%clk 0:14:49]} Kh7 {[%clk 0:08:55]} 40. Rb7 {[%clk 0:15:13]} Ra5
{[%clk 0:09:15]} 1/2-1/2

[Event "Ïåðâåíñòâî Ìîñêâû ïî øàõìàòàì 2015 ñðåäè ìàëü÷èêîâ (Ì19)"]
[Site "Moscow"]
[Date "2015.11.13"]
[Round "2.6"]
[White "Áàãäàñàðîâ, Ýäóàðä"]
[Black "Ìàòþíèí, Ìàêñèì"]
[Result "0-1"]
[WhiteElo "2003"]
[BlackElo "2136"]
[PlyCount "0"]
[EventDate "2015.11.12"]


1. e4 {[%clk 1:26:02]} e6 {[%clk 1:30:55]} 2. d4 {[%clk 1:26:29]} d5
{[%clk 1:31:21]} 3. e5 {[%clk 1:26:57]} c5 {[%clk 1:31:47]} 4. c3
{[%clk 1:27:25]} Qb6 {[%clk 1:32:09]} 5. Nf3 {[%clk 1:27:39]} Bd7
{[%clk 1:32:35]} 6. a3 {[%clk 1:25:59]} Bb5 {[%clk 1:30:38]} 7. Bxb5+
{[%clk 1:22:32]} Qxb5 {[%clk 1:31:03]} 8. dxc5 {[%clk 1:22:25]} Bxc5
{[%clk 1:30:03]} 9. b4 {[%clk 1:22:29]} Bb6 {[%clk 1:29:09]} 10. a4
{[%clk 1:22:56]} Qc4 {[%clk 1:26:59]} 11. a5 {[%clk 1:22:23]} Qe4+
{[%clk 1:25:28]} 12. Qe2 {[%clk 1:22:08]} Qxe2+ {[%clk 1:24:23]} 13. Kxe2
{[%clk 1:22:36]} Bc7 {[%clk 1:24:46]} 14. Na3 {[%clk 1:11:38]} a6
{[%clk 1:21:03]} 15. Re1 {[%clk 1:07:54]} Nc6 {[%clk 1:20:12]} 16. Kf1
{[%clk 1:01:51]} Nge7 {[%clk 1:17:18]} 17. Bf4 {[%clk 1:01:38]} h6
{[%clk 1:14:10]} 18. h3 {[%clk 0:59:36]} Ng6 {[%clk 1:10:00]} 19. Bg3
{[%clk 0:59:36]} Rc8 {[%clk 1:10:00]} 20. Nc2 {[%clk 0:59:36]} Bb8
{[%clk 1:10:00]} 21. Na3 {[%clk 0:57:56]} Bc7 {[%clk 1:09:15]} 22. Nc2
{[%clk 0:56:51]} Bb8 {[%clk 1:05:47]} 23. Ncd4 {[%clk 0:53:13]} Kd7
{[%clk 0:52:22]} 24. Ra3 {[%clk 0:51:02]} Ba7 {[%clk 0:51:42]} 25. Rd1
{[%clk 0:48:17]} Rc7 {[%clk 0:45:37]} 26. b5 {[%clk 0:46:38]} Nxd4
{[%clk 0:45:33]} 27. cxd4 {[%clk 0:42:48]} Rc4 {[%clk 0:44:08]} 28. Rb3
{[%clk 0:42:29]} Rhc8 {[%clk 0:42:38]} 29. Ke2 {[%clk 0:31:58]} Ra4
{[%clk 0:40:38]} 30. bxa6 {[%clk 0:29:25]} bxa6 {[%clk 0:41:00]} 31. Rb7+
{[%clk 0:29:06]} Rc7 {[%clk 0:41:26]} 32. Rxc7+ {[%clk 0:29:21]} Kxc7
{[%clk 0:41:52]} 33. Rc1+ {[%clk 0:29:42]} Kb7 {[%clk 0:41:58]} 34. Rb1+
{[%clk 0:29:59]} Kc6 {[%clk 0:42:00]} 35. Rc1+ {[%clk 0:30:14]} Kb5
{[%clk 0:35:30]} 36. Rc7 Bxd4 {[%clk 0:35:45]} 37. Rxf7 {[%clk 0:27:32]} Nxe5
{[%clk 0:35:06]} 38. Nxd4+ {[%clk 0:25:34]} Rxd4 {[%clk 0:35:25]} 39. Bxe5
{[%clk 0:25:44]} Re4+ {[%clk 0:35:46]} 40. Kd3 {[%clk 0:26:00]} Rxe5
{[%clk 0:36:06]} 41. Rxg7 {[%clk 0:26:26]} Kxa5 {[%clk 0:35:24]} 42. f4
{[%clk 0:25:27]} Re4 {[%clk 0:34:10]} 43. Rh7 {[%clk 0:24:27]} Kb4
{[%clk 0:29:47]} 44. Rxh6 {[%clk 0:23:33]} a5 {[%clk 0:30:11]} 45. g4
{[%clk 0:23:10]} a4 {[%clk 0:30:09]} 46. g5 {[%clk 0:22:03]} a3 {[%clk 0:30:20]}
47. Rh8 {[%clk 0:21:47]} Rxf4 {[%clk 0:22:44]} 48. Rb8+ {[%clk 0:20:56]} Ka4
{[%clk 0:22:43]} 49. Kc2 {[%clk 0:15:23]} Rf2+ {[%clk 0:21:50]} 50. Kb1
{[%clk 0:13:02]} Rg2 {[%clk 0:21:08]} 51. Ra8+ {[%clk 0:11:30]} Kb3
{[%clk 0:21:21]} 52. Rb8+ {[%clk 0:11:56]} Kc3 {[%clk 0:21:48]} 53. Ra8
{[%clk 0:12:07]} a2+ {[%clk 0:22:07]} 54. Ka1 {[%clk 0:12:16]} Rxg5
{[%clk 0:22:16]} 55. Kxa2 {[%clk 0:12:29]} Rg2+ {[%clk 0:22:34]} 56. Ka3
{[%clk 0:12:38]} e5 {[%clk 0:22:47]} 57. Rc8+ {[%clk 0:12:48]} Kd4
{[%clk 0:23:12]} 58. h4 {[%clk 0:13:09]} Rh2 {[%clk 0:23:36]} 59. Rh8
{[%clk 0:13:12]} e4 {[%clk 0:24:01]} 60. Kb3 {[%clk 0:12:41]} e3 {[%clk 0:24:27]}
61. Ra8 {[%clk 0:12:15]} Kd3 {[%clk 0:24:47]} 62. Ra5 {[%clk 0:11:45]} d4
{[%clk 0:25:13]} 63. Rg5 {[%clk 0:12:02]} Kd2 {[%clk 0:25:04]} 64. Ra5
{[%clk 0:12:19]} e2 {[%clk 0:25:01]} 65. Ra2+ {[%clk 0:12:41]} Ke3
{[%clk 0:25:27]} 0-1

[Event "Ïåðâåíñòâî Ìîñêâû ïî øàõìàòàì 2015 ñðåäè ìàëü÷èêîâ (Ì19)"]
[Site "Moscow"]
[Date "2015.11.13"]
[Round "2.7"]
[White "Ïîñèöåëüñêèé, Äìèòðèé"]
[Black "Ìàòþíèí, Âëàäèñëàâ"]
[Result "0-1"]
[WhiteElo "1747"]
[BlackElo "2062"]
[PlyCount "0"]
[EventDate "2015.11.12"]


1. e4 {[%clk 1:30:58]} c5 {[%clk 1:30:57]} 2. Nf3 {[%clk 1:31:24]} Nc6
{[%clk 1:31:10]} 3. d4 {[%clk 1:31:48]} cxd4 {[%clk 1:31:37]} 4. Nxd4
{[%clk 1:32:14]} g6 {[%clk 1:31:14]} 5. c4 {[%clk 1:31:01]} Bg7 {[%clk 1:31:31]}
6. Be3 {[%clk 1:31:18]} d6 {[%clk 1:31:33]} 7. Be2 {[%clk 1:30:52]} Nf6
{[%clk 1:31:02]} 8. Nc3 {[%clk 1:31:12]} O-O {[%clk 1:31:22]} 9. O-O
{[%clk 1:28:13]} Bd7 {[%clk 1:30:00]} 10. Rc1 {[%clk 1:26:31]} Rc8
{[%clk 1:28:02]} 11. h3 {[%clk 1:22:10]} Ne5 {[%clk 1:23:13]} 12. b3
{[%clk 1:22:10]} Bc6 {[%clk 1:23:12]} 13. Nxc6 {[%clk 1:21:08]} Nxc6
{[%clk 1:22:18]} 14. Qd2 {[%clk 1:19:43]} Qa5 {[%clk 1:16:57]} 15. Rfd1
{[%clk 1:18:28]} Rfd8 {[%clk 1:12:15]} 16. f4 {[%clk 1:14:21]} Kf8
{[%clk 0:51:38]} 17. Kh2 {[%clk 1:11:35]} Nd7 {[%clk 0:48:25]} 18. Bg4
{[%clk 1:07:29]} h5 {[%clk 0:46:02]} 19. Bf3 {[%clk 1:06:33]} Nc5
{[%clk 0:44:00]} 20. Ne2 {[%clk 0:42:40]} Qxd2 {[%clk 0:42:33]} 21. Rxd2
{[%clk 0:42:22]} Bh6 {[%clk 0:32:40]} 22. g3 {[%clk 0:27:03]} Ne6
{[%clk 0:23:49]} 23. Rcd1 {[%clk 0:24:50]} Kg7 {[%clk 0:21:13]} 24. g4
{[%clk 0:21:00]} hxg4 {[%clk 0:20:05]} 25. Bxg4 {[%clk 0:20:49]} Ra8
{[%clk 0:17:02]} 26. Kg3 {[%clk 0:19:03]} Rf8 {[%clk 0:15:51]} 27. Rg1
{[%clk 0:11:23]} Nc7 {[%clk 0:15:04]} 28. Kf2 {[%clk 0:11:00]} Rad8
{[%clk 0:14:09]} 29. h4 {[%clk 0:05:41]} Ne8 {[%clk 0:12:04]} 30. e5
{[%clk 0:04:19]} dxe5 {[%clk 0:11:38]} 31. Rxd8 {[%clk 0:03:30]} Nxd8
{[%clk 0:12:01]} 32. fxe5 {[%clk 0:03:35]} Nc6 {[%clk 0:12:24]} 33. Bd4
{[%clk 0:02:16]} Nxd4 {[%clk 0:12:50]} 34. Nxd4 {[%clk 0:02:41]} Nc7
{[%clk 0:12:50]} 35. Bf5 {[%clk 0:01:20]} Rd8 {[%clk 0:12:44]} 36. Rd1
{[%clk 0:01:06]} Bf4 {[%clk 0:10:42]} 37. Bc2 {[%clk 0:00:57]} Rh8
{[%clk 0:10:46]} 38. Nf3 {[%clk 0:01:16]} Ne6 {[%clk 0:10:00]} 39. Rd7
{[%clk 0:01:25]} g5 {[%clk 0:09:42]} 40. hxg5 {[%clk 0:01:07]} Nxg5
{[%clk 0:10:00]} 41. Nxg5 {[%clk 0:01:17]} Rh2+ {[%clk 0:09:58]} 42. Kf3
{[%clk 0:01:18]} Bxg5 {[%clk 0:10:24]} 43. Be4 {[%clk 0:01:38]} Rxa2
{[%clk 0:10:14]} 44. Rxb7 {[%clk 0:02:01]} Ra5 {[%clk 0:10:32]} 45. b4
{[%clk 0:02:10]} Rxe5 {[%clk 0:09:58]} 46. Rxa7 {[%clk 0:02:39]} f5
{[%clk 0:10:21]} 47. Bd5 {[%clk 0:02:49]} Re3+ {[%clk 0:10:48]} 48. Kf2
{[%clk 0:03:12]} Rc3 {[%clk 0:10:46]} 49. b5 {[%clk 0:03:30]} Be3+
{[%clk 0:11:13]} 50. Ke2 0-1